Biblioteca

Una respuesta hinduista a la encíclica papal "fides et rario" (Registro nro. 49964)

Detalles MARC
000 -LÍDER
Campo fijo de descripción fija 00923aab a2200193 i 4500
001 - NÚMERO DE CONTROL
Campo de control 768714001
003 - IDENTIFICADOR DEL NÚMERO DE CONTROL
Campo de control CO-MdFUSB
005 - FECHA Y HORA DE LA ULTIMA TRANSACCIÓN
control field 20221109173521.0
008 - ELEMENTOS DE LONGITUD FIJA -- INFORMACIÓN GENERAL
Campo fijo de descripción fija -- Información general 221109s2003 sp ||||| |||| 00| 0 spa d
040 ## - FUENTE DE CATALOGACIÓN
Idioma de catalogación spa
Agencia que realiza la transcripción CO-MdFUSB
Agencia que realiza la modificación CO-MdFUSB
041 ## - CÓDIGO DE IDIOMA
Código de idioma para texto/pista de sonido o título separado spa
100 1# - ASIENTO PRINCIPAL--NOMBRE PERSONAL
Nombre personal Panneerselvam, Sivanandam
Término relacionador autor
245 10 - TÍTULO
Título Una respuesta hinduista a la encíclica papal "fides et rario"
Mención de responsabilidad / Sivanandam Panneerselvam
300 ## - DESCRIPCIÓN FÍSICA
Extensión Número 302, (Septiembre 2003), páginas 97-110
Dimensiones ; 21 cm
520 ## - NOTA DE RESUMEN, ETC.
Nota de sumario, etc. El Papa Juan Pablo II, en su encíclica Fides et ratio, explica la interrelación entre la fe y la razón para ver si, efectivamente, son asuntos importantes, y en el caso de que lo sean, preguntarse hasta qué punto y en qué esfera lo son.
650 #0 - ASIENTO SECUNDARIO DE MATERIA - TERMINO TEMÁTICO
9 (RLIN) 1248
Término temático o nombre geográfico como elemento de entrada Cristianismo y otras religiones
Subdivisión general Hinduismo.
773 0# - ASIENTO DE ITEM FUENTE
Título Concilium
Biblionumber 49450
Itemnumber 60412
Parte(s) relacionada(s) / Volumen., número. (mes año), páginas Número 302, (Septiembre 2003), páginas 97-110
Enumeración y primera página páginas 97-110
942 ## - TIPO DE MATERIAL (KOHA)
Tipo de Item KOHA Artículos de Revista

No hay ítems disponibles.

Biblioteca FUSBC | Teléfono: (57+4) 349 88 10 Ext. 141| WhatsApp (+57) 3005338115 
E-mail: biblioteca@unisbc.edu.co | Calle 76 87-14 Robledo Palenque, Medellín, Colombia

Con tecnología Koha